| 000 | 00965nas a2200325 4500 | ||
|---|---|---|---|
| 001 | BR2012008371 | ||
| 003 | BR-BrBNA | ||
| 005 | 20231205121405.0 | ||
| 007 | ta | ||
| 008 | 230509b bl.|||p| |||| 00| 00por d | ||
| 040 |
_aBR-BrBNA _bpor _cBiblioteca Nacional de Agricultura |
||
| 041 | _a(Pt) | ||
| 072 | _aP40 | ||
| 100 | 1 | _aMorais, H. | |
| 100 | 1 | _aCaramori, P.H. | |
| 100 | 1 | _aKoguishi, M.S. | |
| 100 | 1 | _aRibeiro, A.M. de A. | |
| 245 | 1 | _aCaracterização microclimática de cafeeiros cultivados sob malha de sombreamento e a pleno sol | |
| 650 | _aCAFÉ | ||
| 650 | _aCOFFEA ARABICA | ||
| 650 | _aMICROCLIMA | ||
| 650 | _aSOMBREAMENTO | ||
| 650 | _aTEMPERATURA | ||
| 650 | _aGEADA | ||
| 650 | _aRADIAÇÃO SOLAR | ||
| 650 | _aPARANÁ | ||
| 773 | 0 |
_tRevista Brasileira de Agrometeorologia (Brazil) _xISSN 0104-1347 _g(May-Aug 2007), v. 15(2) p. 133-142 _wBR2012008371 |
|
| 909 |
_a202311 _bLúcia _c55 _dLúcia Elande |
||
| 942 |
_2AGRIS _n0 _cANA |
||
| 999 |
_c223328 _d223328 |
||